[Event "Troisdorf op"]
[Site "Troisdorf"]
[Date "2007.10.16"]
[Round "1"]
[White "Rozsa, Sandor"]
[Black "Dieterle, Robert"]
[Result "0-1"]
[WhiteElo "1702"]
[BlackElo "1783"]
[PlyCount "135"]
[EventDate "2007.10.16"]
[EventType "swiss"]
[EventRounds "5"]
[EventCountry "GER"]
[SourceTitle "EXT 2011"]
[Source "ChessBase"]
[SourceDate "2010.11.26"]
[SourceVersion "1"]
[SourceVersionDate "2010.11.26"]
[SourceQuality "1"]

1. e4 e6 2. d4 d5 3. e5 c5 4. Nf3 Nc6 5. Bb5 Bd7 6. 0-0 Nxe5 7. dxe5 Bxb5 8. Re1 Ne7 9. Nc3 Bc6 10. Bg5 h6 11. Bh4 Qb6 12. b3 Nf5 13. a3 Rc8 14. Qd2 Qa5 15. Bg3 Be7 16. Bf4 g5 17. Bg3 g4 18. b4 Qd8 19. b5 Bd7 20. a4 Qa5 21. Nb1 Qd8 22. Qf4 gxf3 23. Qxf3 Nd4 24. Qd3 Qb6 25. c3 Nf5 26. Nd2 c4 27. Qf3 h5 28. Bf4 Bc5 29. Re2 Qc7 30. Kh1 Bb6 31. Rd1 Qc5 32. Ra1 Qe7 33. g3 Qf8 34. Bg5 Bd8 35. Bf6 Rh6 36. Bxd8 Kxd8 37. Nf1 Qc5 38. Ne3 Nxe3 39. Rxe3 Qf8 40. Qf4 Ke8 41. Qd4 b6 42. Qf4 Rh7 43. Rf3 Rc7 44. Rd1 Qa3 45. Qg5 Qf8 46. Rd4 Qg7 47. Qh4 Qxe5 48. Re3 Qd6 49. Qg5 Rh8 50. Rf4 Bc8 51. Qf6 Rf8 52. Rd4 Qd8 53. Qh6 a6 54. Qxh5 axb5 55. axb5 Rc5 56. Qe5 Rxb5 57. Kg2 Ra5 58. h4 Qe7 59. f4 f6 60. Qh5+ Kd8 61. Qd1 Ra2+ 62. Re2 Rxe2+ 63. Qxe2 Bb7 64. Qxc4 Qc5 65. Qd3 e5 66. Rb4 Ke7 67. g4 d4+ 68. Kg3 0-1